MARC

LEADER 00000nam0a2200000 4500
001 26999
005 20231030201930.0
010 |a 033371055X 
035 |a (RuTPU)RU\TPU\book\27245 
035 |a BOOK00027320 
090 |a 26999 
100 |a 20011209d1998 m y0engy50 ba 
101 0 |a eng 
102 |a GB 
105 |a y j 000zy 
200 1 |a Prospects. Beginner  |e Workbook  |f K. Wilson, J. Taylor 
210 |a Oxford  |c Macmillan  |d 1998  |c Heinemann 
215 |a 80 p. 
610 1 |a английский язык 
610 1 |a учебные пособия 
610 1 |a разговорная речь 
610 1 |a лексика 
610 1 |a грамматика 
610 1 |a упражнения 
686 |a Ш143.21-923  |v LBC/SL-A  |2 rubbk 
700 1 |a Wilson  |b K.  |g Ken 
701 1 |a Taylor  |b J.  |g James 
801 0 |a RU  |b 63413507  |c 20011209  |g PSBO 
801 2 |a RU  |b 63413507  |c 20120609  |g PSBO 
942 |c BK